01110nam a2200289 a 4500001000400000003001000004005001700014008004100031020001800072040002500090080001600115090001700131100001700148245005300165260004200218300002700260504002500287590006300312650004400375650003300419650003500452650003200487942001200519952013800531952013800669999001300807937BR-CuiBMT20231213125455.0231123b2007 rjba 000 0 por d a9788573037371 aBR-CuiBMTcBR-CuiBMT 22007a658.3 a658.3bL979g1 aLuz, Ricardo10aGestão do clima organizacional /cRicardo Luz. aRio de Janeiro :bQualitymark,c2007. a142 p. :bil. ;c23 cm aInclui bibliografia. aA Biblioteca possui a 3. reimpr. 2007 e a 6. reimpr. 2012. aRelações humanasxAdministração aComportamento organizacional aDesenvolvimento organizacional aGestão por competências 2udccLV 00102udc4070aBIBTCEMTbBIBTCEMTd2008-09-23l0o658.3 L979gpBIBTCEMT23110977r2023-11-23tEx. 1w2023-11-23yLVz3. reimpr. 2007 00102udc4070aBIBTCEMTbBIBTCEMTd2013-04-02l0o658.3 L979gpBIBTCEMT23110979r2023-11-23tEx. 2w2023-11-23yLVz6. reimpr. 2012 c937d937